[Event "Mexico City Revolucion op"]
[Site "Mexico City"]
[Date "2024.11.17"]
[Round "8"]
[White "Reyes Bautista, Alejandro"]
[Black "Zacarias Rodriguez, Santiago"]
[Result "0-1"]
[WhiteElo "2031"]
[BlackElo "2219"]
[PlyCount "58"]
[EventDate "2024.11.13"]
[EventType "swiss"]
[EventRounds "9"]
[EventCountry "MEX"]
[SourceTitle "CB47_2024"]
[SourceDate "2024.11.20"]
[SourceVersion "1"]
[SourceVersionDate "2024.11.20"]
[SourceQuality "1"]

1. e4 c5 2. Nf3 d6 3. d4 cxd4 4. Nxd4 Nf6 5. Nc3 a6 6. f4 e5 7. Nb3 Nc6 8. Be2 Be7 9. g4 h6 10. h4 exf4 11. Bxf4 Be6 12. Qd2 Nxg4 13. Bg3 0-0 14. 0-0-0 Rc8 15. Kb1 h5 16. Rhg1 Nce5 17. Nd4 Qb6 18. Bxg4 Nc4 19. Qc1 hxg4 20. Nd5 Bxd5 21. exd5 Bf6 22. Bf2 Na3+ 23. Ka1 Nxc2+ 24. Nxc2 Qxf2 25. Rd2 Qxh4 26. Qd1 g3 27. Nd4 Bxd4 28. Rxd4 Rc1+ 29. Qxc1 Qxd4 0-1

[Event "Mexico City Revolucion op"]
[Site "Mexico City"]
[Date "2024.11.16"]
[Round "5"]
[White "Guevara Ruiz, Santiago Jose"]
[Black "Reyes Bautista, Alejandro"]
[Result "1/2-1/2"]
[WhiteElo "2155"]
[BlackElo "2031"]
[PlyCount "170"]
[EventDate "2024.11.13"]
[EventType "swiss"]
[EventRounds "9"]
[EventCountry "MEX"]
[SourceTitle "CB47_2024"]
[SourceDate "2024.11.20"]
[SourceVersion "1"]
[SourceVersionDate "2024.11.20"]
[SourceQuality "1"]

1. e4 e5 2. Nf3 Nc6 3. Bc4 Nf6 4. d3 Bc5 5. c3 d6 6. 0-0 a6 7. Nbd2 Ba7 8. Bb3 0-0 9. h3 Be6 10. Bc2 Qd7 11. Re1 Ne7 12. Nf1 Ng6 13. d4 h6 14. dxe5 dxe5 15. Qxd7 Nxd7 16. Be3 Rfd8 17. a4 f6 18. a5 Ne7 19. Rad1 c5 20. Ba4 Rac8 21. Rd6 Nf8 22. Red1 Rxd6 23. Rxd6 Bb8 24. Rd1 Nc6 25. Bxc5 Nxa5 26. b4 Nc4 27. Bb3 Nb2 28. Bxf8 Bxb3 29. Rb1 Kxf8 30. Rxb2 Rxc3 31. Ne3 Ba7 32. Nf5 Ba4 33. Rd2 Bc6 34. Kh2 Bb6 35. N3h4 Bxe4 36. Rd7 Bxf5 37. Nxf5 Rc7 38. Rd2 Kf7 39. g4 Kg6 40. Kg2 h5 41. Rd6 Ba7 42. Nh4+ Kh6 43. Kg3 hxg4 44. hxg4 Rc3+ 45. f3 Rc7 46. Nf5+ Kh7 47. Rd8 g6 48. Nd6 Be3 49. Ne4 Bf4+ 50. Kg2 Kg7 51. Nc5 Kf7 52. Rh8 Kg7 53. Rd8 Re7 54. Kf2 Bc1 55. Nd3 Bd2 56. Ke2 Bc3 57. Ke3 Bd4+ 58. Ke4 Bb6 59. Rd6 Ba7 60. Kd5 Rc7 61. g5 fxg5 62. Nxe5 Be3 63. Rxg6+ Kh7 64. Rd6 Bd2 65. Rb6 Be3 66. Rd6 Bf4 67. Rd7+ Rxd7+ 68. Nxd7 Bd2 69. Kc4 a5 70. bxa5 Bxa5 71. Kb5 b6 72. Ne5 Kg7 73. Kc4 Kf6 74. Kd5 Kf5 75. Nd3 Bd2 76. Kd4 b5 77. Kc5 b4 78. Kc4 Bc3 79. Kb3 Ke6 80. Kc4 Kd6 81. Nc5 Bf6 82. Kxb4 Kd5 83. Ne4 Ke5 84. Nxg5 Bxg5 85. f4+ Bxf4 1/2-1/2

[Event "Mexico City Revolucion op"]
[Site "Mexico City"]
[Date "2024.11.16"]
[Round "6"]
[White "Reyes Bautista, Alejandro"]
[Black "Gutierrez Perez, Fabian"]
[Result "1-0"]
[WhiteElo "2031"]
[BlackElo "2272"]
[PlyCount "63"]
[EventDate "2024.11.13"]
[EventType "swiss"]
[EventRounds "9"]
[EventCountry "MEX"]
[SourceTitle "CB47_2024"]
[SourceDate "2024.11.20"]
[SourceVersion "1"]
[SourceVersionDate "2024.11.20"]
[SourceQuality "1"]

1. e4 e5 2. Nf3 Nc6 3. Bc4 Bc5 4. d3 Nf6 5. Nc3 0-0 6. a3 a6 7. Be3 Bxe3 8. fxe3 d6 9. 0-0 Ne7 10. Qe1 c6 11. Qg3 Ng6 12. h4 b5 13. Ba2 Ra7 14. Rf2 a5 15. Raf1 b4 16. Ne2 d5 17. Nxe5 Qe8 18. Rxf6 gxf6 19. Rxf6 Kg7 20. Rxc6 Bb7 21. Nxg6 fxg6 22. Rc7+ Rf7 23. Rxf7+ Qxf7 24. Nf4 bxa3 25. Nh5+ Kf8 26. Qb8+ Bc8 27. Qxc8+ Qe8 28. Qc5+ Qe7 29. Qxd5 Qxh4 30. Qd6+ Qe7 31. Qb8+ Qe8 32. Qxa7 1-0

[Event "MEX-ch"]
[Site "Pachuca"]
[Date "2024.05.18"]
[Round "7"]
[White "Diaz Rosas, Julio Cesar"]
[Black "Reyes Bautista, Alejandro"]
[Result "1-0"]
[WhiteElo "2406"]
[BlackElo "1967"]
[PlyCount "113"]
[EventDate "2024.05.14"]
[EventType "swiss"]
[EventRounds "9"]
[EventCountry "MEX"]
[SourceTitle "CBM 220 Extra"]
[Source "ChessBase"]
[SourceDate "2024.07.31"]
[SourceVersion "1"]
[SourceVersionDate "2024.07.31"]
[SourceQuality "1"]

1. e4 e5 2. Nf3 Nc6 3. Bc4 Nf6 4. d3 Bc5 5. Nc3 d6 6. Na4 Bb6 7. a3 Be6 8. Bxe6 fxe6 9. 0-0 0-0 10. c3 Qe8 11. b4 Qh5 12. h3 h6 13. Nxb6 axb6 14. Ra2 g5 15. Nh2 Qxd1 16. Rxd1 Kg7 17. Nf1 Ra4 18. Re2 Nd7 19. Nd2 Na7 20. Nb1 Nc6 21. Bb2 Kf7 22. Rc2 Ke7 23. d4 b5 24. c4 bxc4 25. d5 exd5 26. Nc3 Raa8 27. Nxd5+ Kd8 28. Rxc4 Rc8 29. Ne3 Ne7 30. Rc2 Ke8 31. Rdc1 Kd8 32. Nc4 Nc6 33. Rd1 Ke8 34. f3 Rf6 35. Ne3 Ne7 36. Bc1 Nf8 37. b5 Nd7 38. Nc4 b6 39. Be3 Ra8 40. Rc3 Nc8 41. Bf2 Nc5 42. Ne3 Ne7 43. h4 Ra5 44. Rb1 Kd7 45. hxg5 hxg5 46. Nc4 Ra8 47. Rd1 Ke6 48. Bxc5 bxc5 49. b6 Nc6 50. bxc7 Nd4 51. Rd2 Nb5 52. Rb3 Nxc7 53. Rxd6+ Ke7 54. Rd2 Rfa6 55. Nxe5 Rxa3 56. Rxa3 Rxa3 57. Rd7+ 1-0

[Event "MEX-ch"]
[Site "Pachuca"]
[Date "2024.05.16"]
[Round "4"]
[White "Benitez Lozano, Javier"]
[Black "Reyes Bautista, Alejandro"]
[Result "1/2-1/2"]
[WhiteElo "2271"]
[BlackElo "1967"]
[PlyCount "114"]
[EventDate "2024.05.14"]
[EventType "swiss"]
[EventRounds "9"]
[EventCountry "MEX"]
[SourceTitle "CBM 220 Extra"]
[Source "ChessBase"]
[SourceDate "2024.07.31"]
[SourceVersion "1"]
[SourceVersionDate "2024.07.31"]
[SourceQuality "1"]

1. d4 d5 2. c4 c6 3. Nc3 Nf6 4. e3 e6 5. Nf3 Nbd7 6. Qc2 Be7 7. b3 b6 8. Bd3 Bb7 9. Bb2 c5 10. cxd5 exd5 11. 0-0 0-0 12. Rfd1 Rc8 13. dxc5 Rxc5 14. b4 Rc7 15. Qb3 Qa8 16. Nb5 Rcc8 17. Bf5 Rc4 18. a3 a6 19. Nbd4 Rd8 20. Bd3 Rcc8 21. Nf5 Bf8 22. Ne5 g6 23. Nxd7 Nxd7 24. Ng3 Bg7 25. Bxg7 Kxg7 26. Qb2+ f6 27. Ne2 Qb8 28. Nf4 Qd6 29. Be4 Ne5 30. Bxd5 Kh6 31. h3 Bxd5 32. Nxd5 Qe6 33. e4 Rc4 34. f3 Rdc8 35. Qf2 R8c6 36. Rd2 Rc1+ 37. Rxc1 Rxc1+ 38. Kh2 Nc4 39. Rc2 Qe5+ 40. f4 Rxc2 41. Qxc2 Qd4 42. Qe2 b5 43. Qg4 Ne3 44. Nxe3 Qxe3 45. e5 f5 46. Qh4+ Kg7 47. Qe7+ Kh6 48. Qh4+ Kg7 49. Qg3 Qc1 50. Qf2 Qxa3 51. Qa7+ Kh6 52. e6 Qc1 53. Qd4 Qe1 54. Qd6 Qe3 55. e7 Kg7 56. e8R Qxe8 57. Qxa6 Qd7 1/2-1/2

[Event "Veracruz op 2nd"]
[Site "Xalapa"]
[Date "2024.04.28"]
[Round "6"]
[White "Reyes Bautista, Alejandro"]
[Black "Medina Calderon, Victor Manuel"]
[Result "1-0"]
[WhiteElo "1967"]
[BlackElo "1995"]
[PlyCount "131"]
[EventDate "2024.04.25"]
[EventType "swiss"]
[EventRounds "6"]
[EventCountry "MEX"]
[SourceTitle "CBM 219 Extra"]
[Source "ChessBase"]
[SourceDate "2024.05.31"]
[SourceVersion "1"]
[SourceVersionDate "2024.05.31"]
[SourceQuality "1"]

1. e4 c5 2. Nf3 d6 3. d4 cxd4 4. Nxd4 Nf6 5. Nc3 g6 6. f3 Bg7 7. Be3 0-0 8. Bc4 Nc6 9. Qd2 Bd7 10. 0-0-0 Rc8 11. Bb3 Nxd4 12. Bxd4 b5 13. h4 a5 14. h5 a4 15. Bxf6 exf6 16. Bd5 f5 17. hxg6 hxg6 18. Ne2 Rc5 19. Kb1 Qf6 20. c3 a3 21. b4 Rc7 22. Bb3 fxe4 23. Qxd6 Qxd6 24. Rxd6 exf3 25. gxf3 Bf5+ 26. Bc2 Re8 27. Bxf5 Rxe2 28. Rd8+ Bf8 29. Rc1 Kg7 30. Rd7 Rc6 31. Be4 Rb2+ 32. Ka1 Rc4 33. Bd5 Rf4 34. Rb7 Bd6 35. Rxb5 Be5 36. Be4 Bf6 37. Ra5 Rxb4 38. Rxa3 Rh4 39. Rb3 Ra4 40. Kb2 Be5 41. Rb7 Kf6 42. Kb3 Ra5 43. a4 Rh8 44. Kb4 Ra6 45. a5 Ke6 46. Kb5 Rd6 47. c4 f5 48. Bd5+ Kf6 49. a6 Bd4 50. a7 Rdd8 51. Rf7+ Ke5 52. a8Q Rxa8 53. Bxa8 Rxa8 54. c5 g5 55. c6 g4 56. fxg4 fxg4 57. c7 Rc8 58. Kc6 Ke6 59. Rd7 Be5 60. Re1 Kf5 61. Rf7+ Ke6 62. Rg7 Kf6 63. Rh7 g3 64. Re2 Kg6 65. Rxe5 Kxh7 66. Rg5 1-0